[Event "Heusenstamm Schloss op"]
[Site "Heusenstamm"]
[Date "2023.11.24"]
[Round "3"]
[White "Papadopoulos, Leon"]
[Black "Mester, Philipp"]
[Result "0-1"]
[WhiteElo "1546"]
[BlackElo "1806"]
[PlyCount "72"]
[EventDate "2023.11.23"]
[EventType "swiss"]
[EventRounds "7"]
[EventCountry "GER"]
[SourceTitle "CB50_2023"]
[SourceDate "2023.12.13"]
[SourceVersion "1"]
[SourceVersionDate "2023.12.13"]
[SourceQuality "1"]

1. e4 e5 2. Nf3 Nc6 3. Bc4 Bc5 4. 0-0 Nf6 5. d4 Bxd4 6. Nxd4 Nxd4 7. f4 d6 8. fxe5 dxe5 9. Bg5 Qe7 10. Na3 Bd7 11. Qd2 0-0-0 12. Qf2 Qc5 13. c3 Ne6 14. Bxf6 gxf6 15. Rae1 Qxf2+ 16. Rxf2 Nf4 17. Kf1 Be6 18. Bxe6+ fxe6 19. Rb1 Rhf8 20. Nc4 Nd3 21. Rf3 Nc5 22. Re3 Rd3 23. Rxd3 Nxd3 24. Ke2 Nf4+ 25. Kf3 Re8 26. g3 Ng6 27. Rf1 f5 28. Re1 h5 29. Ne3 f4 30. Ng2 Rd8 31. gxf4 exf4 32. e5 Rd3+ 33. Kf2 f3 34. Ne3 Nxe5 35. Nf1 Ng4+ 36. Kg3 f2+ 0-1

[Event "Rhein Main op-B 25th"]
[Site "Bad Homburg"]
[Date "2023.06.10"]
[Round "6"]
[White "Papadopoulos, Leon"]
[Black "Graf, Michael"]
[Result "1-0"]
[WhiteElo "1491"]
[BlackElo "1673"]
[PlyCount "73"]
[EventDate "2023.06.07"]
[EventType "swiss"]
[EventRounds "7"]
[EventCountry "GER"]
[SourceTitle "CBM 215 Extra"]
[Source "ChessBase"]
[SourceDate "2023.09.30"]
[SourceVersion "1"]
[SourceVersionDate "2023.09.30"]
[SourceQuality "1"]

1. e4 c5 2. Nf3 e6 3. d4 cxd4 4. Nxd4 a6 5. Bd3 Qc7 6. Be3 b6 7. 0-0 Bb7 8. Nd2 Nf6 9. f4 d6 10. c3 Nbd7 11. Qf3 Be7 12. Rac1 Rc8 13. g4 h5 14. g5 Ng4 15. g6 Rh6 16. f5 Nde5 17. Qe2 Nxe3 18. gxf7+ Kf8 19. Qxe3 d5 20. Be2 Bc5 21. N2b3 Ng4 22. Bxg4 hxg4 23. Rf2 Qe5 24. Nxc5 bxc5 25. Nxe6+ Kxf7 26. Nxc5 Rch8 27. Rcc2 Bc8 28. Nd3 Qc7 29. e5 Rh3 30. Qd4 R8h4 31. Qxd5+ Kf8 32. Nf4 g3 33. Ng6+ Ke8 34. Qg8+ Kd7 35. Qe6+ Kd8 36. Rfd2+ Bd7 37. Qg8# 1-0

[Event "Heusenstamm Sparkassen op-B 7th"]
[Site "Heusenstamm"]
[Date "2021.11.21"]
[Round "6.37"]
[White "Althaus, Lennart"]
[Black "Papadopoulos, Leon"]
[Result "1-0"]
[WhiteElo "1620"]
[BlackElo "1337"]
[PlyCount "115"]
[EventDate "2021.11.18"]
[EventType "swiss"]
[EventRounds "7"]
[EventCountry "GER"]
[SourceTitle "EXT 2023"]
[Source "ChessBase"]
[SourceDate "2022.10.05"]
[SourceVersion "1"]
[SourceVersionDate "2022.10.05"]
[SourceQuality "1"]

1. c4 e5 2. Nc3 Nf6 3. g3 Bb4 4. Bg2 Bxc3 5. bxc3 c6 6. d4 exd4 7. cxd4 d6 8. Bg5 h6 9. Bxf6 Qxf6 10. Nf3 0-0 11. 0-0 Re8 12. Re1 Bg4 13. Qd3 Nd7 14. Nd2 c5 15. Bxb7 Rab8 16. Bd5 cxd4 17. Ne4 Qg6 18. Qxd4 Ne5 19. f4 Nd7 20. Nxd6 Re7 21. Bxf7+ Rxf7 22. Nxf7 Qxf7 23. e4 Nb6 24. Rab1 Rc8 25. c5 Qc4 26. Qxc4+ Nxc4 27. Rbc1 Rxc5 28. Rc3 Rc8 29. Rec1 Nb6 30. Rxc8+ Bxc8 31. Rc7 a6 32. Kf2 a5 33. Ke3 Bg4 34. Kd4 Bf3 35. Rb7 Nc8 36. Rb8 Bg4 37. Ra8 Kh7 38. Rxa5 Ne7 39. Rc5 Bd1 40. Rc7 Ng8 41. e5 Ba4 42. Ra7 Bc2 43. a4 h5 44. a5 Nh6 45. e6 Ba4 46. e7 Kg6 47. Ra6+ Kf7 48. Rxh6 gxh6 49. Kc5 Kxe7 50. Kb6 Kf6 51. h4 Bc2 52. a6 Kf5 53. a7 Be4 54. Kc7 Ba8 55. Kd7 Kg4 56. Ke6 Be4 57. Ke5 Bg2 58. f5 1-0

[Event "Heusenstamm Sparkassen op-B 7th"]
[Site "Heusenstamm"]
[Date "2021.11.21"]
[Round "7.48"]
[White "Papadopoulos, Leon"]
[Black "Merz, Leander1111"]
[Result "0-1"]
[WhiteElo "1337"]
[BlackElo "1268"]
[PlyCount "78"]
[EventDate "2021.11.18"]
[EventType "swiss"]
[EventRounds "7"]
[EventCountry "GER"]
[SourceTitle "EXT 2023"]
[Source "ChessBase"]
[SourceDate "2022.10.05"]
[SourceVersion "1"]
[SourceVersionDate "2022.10.05"]
[SourceQuality "1"]

1. e4 c5 2. Nf3 d6 3. d4 cxd4 4. Nxd4 Nf6 5. Nc3 g6 6. Be3 Bg7 7. f3 e5 8. Nb3 Be6 9. Qd2 Nfd7 10. Qxd6 Nc6 11. Qd2 0-0 12. 0-0-0 Nb6 13. Qf2 Qc7 14. h4 h5 15. g4 hxg4 16. h5 gxf3 17. Qxf3 Nb4 18. h6 Na4 19. Bd2 Rfc8 20. Kb1 Bf8 21. Qf6 Kh7 22. Be2 Nb6 23. Rdg1 Qe7 24. Qf2 Rd8 25. Bg5 f6 26. Bxf6 Qf7 27. Qh4 Rd6 28. Bxe5 Bxb3 29. axb3 Rd2 30. Qg4 Rad8 31. Bd3 Nxd3 32. cxd3 R8xd3 33. Nd5 Nxd5 34. exd5 Rxd5 35. Rf1 Qe8 36. Rhg1 Rxe5 37. Rxf8 Qxf8 38. Qxg6+ Kh8 39. h7 Qf5+ 0-1

[Event "Heusenstamm Sparkassen op-B 7th"]
[Site "Heusenstamm"]
[Date "2021.11.20"]
[Round "4.38"]
[White "Wirtjes, Edzard"]
[Black "Papadopoulos, Leon"]
[Result "1-0"]
[WhiteElo "1552"]
[BlackElo "1337"]
[PlyCount "105"]
[EventDate "2021.11.18"]
[EventType "swiss"]
[EventRounds "7"]
[EventCountry "GER"]
[SourceTitle "EXT 2023"]
[Source "ChessBase"]
[SourceDate "2022.10.05"]
[SourceVersion "1"]
[SourceVersionDate "2022.10.05"]
[SourceQuality "1"]

1. c4 e5 2. Nc3 Nf6 3. d3 d5 4. cxd5 Nxd5 5. g3 Nc6 6. Bg2 Be6 7. Nf3 Nb6 8. 0-0 Be7 9. a3 f6 10. b4 a5 11. b5 Nd4 12. Nxd4 exd4 13. Na4 Bd5 14. Nxb6 cxb6 15. Bxd5 Qxd5 16. a4 0-0 17. Bd2 Rac8 18. Qb1 Rfe8 19. Qa2 Qxa2 20. Rxa2 Bc5 21. Re1 Re6 22. e3 Rce8 23. e4 f5 24. f3 g6 25. Re2 fxe4 26. fxe4 Rf8 27. Rf2 Ref6 28. Rxf6 Rxf6 29. Kg2 Kg7 30. Be1 h6 31. Rc2 Rd6 32. Bxa5 Ba3 33. Be1 Rd7 34. g4 Be7 35. Bg3 Bc5 36. e5 Re7 37. Kf3 g5 38. Ke4 Kg6 39. Rf2 Rf7 40. Rxf7 Kxf7 41. Bf2 Be7 42. Bxd4 Bd8 43. Kd5 Bc7 44. h3 Ke7 45. e6 Kf8 46. Be5 Bxe5 47. Kxe5 Ke7 48. d4 h5 49. gxh5 g4 50. hxg4 Kd8 51. h6 Kc8 52. h7 Kb8 53. a5 1-0

[Event "Heusenstamm Sparkassen op-B 7th"]
[Site "Heusenstamm"]
[Date "2021.11.18"]
[Round "1.29"]
[White "Burow, Roger"]
[Black "Papadopoulos, Leon"]
[Result "1-0"]
[WhiteElo "1634"]
[BlackElo "1337"]
[PlyCount "81"]
[EventDate "2021.11.18"]
[EventType "swiss"]
[EventRounds "7"]
[EventCountry "GER"]
[SourceTitle "EXT 2023"]
[Source "ChessBase"]
[SourceDate "2022.10.05"]
[SourceVersion "1"]
[SourceVersionDate "2022.10.05"]
[SourceQuality "1"]

1. e4 e5 2. Bc4 Bc5 3. d4 exd4 4. Bxf7+ Kxf7 5. Qh5+ Kf8 6. Qxc5+ Qe7 7. Qxd4 Nc6 8. Qd3 Nf6 9. Nc3 Nb4 10. Qe2 d6 11. h3 Bd7 12. Bg5 h6 13. Bxf6 Qxf6 14. a3 Nc6 15. Nf3 Re8 16. 0-0-0 Qf4+ 17. Kb1 Bf5 18. g3 Rxe4 19. gxf4 Rxe2 20. Nxe2 Be4 21. Ned4 Nxd4 22. Nxd4 Bxh1 23. Rxh1 Ke7 24. Re1+ Kd7 25. Rg1 Rh7 26. Rg6 Ke7 27. f5 Kf7 28. Ne6 c6 29. Nd8+ Ke7 30. Nxb7 Rh8 31. Nxd6 Rd8 32. Ne4 Rd5 33. Rxg7+ Kf8 34. f6 Rf5 35. Rxa7 Rf3 36. Ra6 Rxh3 37. Rxc6 Rh1+ 38. Ka2 h5 39. Rc7 Kg8 40. f7+ Kf8 41. Ng5 1-0

[Event "Heusenstamm Sparkassen op-B 6th"]
[Site "Heusenstamm"]
[Date "2019.11.24"]
[Round "7"]
[White "Papadopoulos, Leon"]
[Black "Moissl, Julian"]
[Result "1/2-1/2"]
[WhiteElo "1388"]
[BlackElo "915"]
[PlyCount "97"]
[EventDate "2019.11.21"]
[EventType "swiss"]
[EventRounds "7"]
[EventCountry "GER"]
[SourceTitle "CBM 194 Extra"]
[Source "ChessBase"]
[SourceDate "2020.03.31"]
[SourceVersion "1"]
[SourceVersionDate "2020.03.31"]
[SourceQuality "1"]

1. e4 e5 2. Nf3 Nc6 3. Bc4 Bc5 4. 0-0 Nf6 5. d4 Nxd4 6. Be3 Nxf3+ 7. Qxf3 Bb6 8. Nc3 d6 9. Nd5 Bxe3 10. fxe3 Bd7 11. Rf2 c6 12. Nxf6+ gxf6 13. Qxf6 Qxf6 14. Rxf6 0-0-0 15. Rxd6 Rhg8 16. Rad1 Rg7 17. Rf6 Be6 18. Rxd8+ Kxd8 19. Bxe6 fxe6 20. Rxe6 Re7 21. Rxe7 Kxe7 22. Kf2 Kf6 23. Kf3 Kg5 24. g3 h5 25. h3 h4 26. gxh4+ Kxh4 27. Kg2 b6 28. Kf2 Kxh3 29. Ke2 Kg3 30. Kd3 b5 31. b4 Kf3 32. a3 a6 33. c3 Kf2 34. c4 Kf3 35. cxb5 axb5 36. Kd2 Kxe4 37. Ke2 Kd5 38. Kf3 Kc4 39. Ke4 Kb3 40. Kxe5 Kxa3 41. Kd4 Kxb4 42. e4 Ka3 43. e5 b4 44. e6 b3 45. e7 b2 46. e8Q b1Q 47. Qa8+ Kb3 48. Qb7+ Kc2 49. Qxc6+ 1/2-1/2

[Event "Heusenstamm Sparkassen op-B 6th"]
[Site "Heusenstamm"]
[Date "2019.11.23"]
[Round "4"]
[White "Dehmel, Manfred"]
[Black "Papadopoulos, Leon"]
[Result "1-0"]
[WhiteElo "1545"]
[BlackElo "1388"]
[PlyCount "97"]
[EventDate "2019.11.21"]
[EventType "swiss"]
[EventRounds "7"]
[EventCountry "GER"]
[SourceTitle "CBM 194 Extra"]
[Source "ChessBase"]
[SourceDate "2020.03.31"]
[SourceVersion "1"]
[SourceVersionDate "2020.03.31"]
[SourceQuality "1"]

1. Nf3 d5 2. d4 e6 3. a3 c5 4. dxc5 Bxc5 5. e3 Nf6 6. b4 Bb6 7. Bb2 Bd7 8. Be2 0-0 9. Ne5 Nc6 10. Nxd7 Qxd7 11. Bxf6 gxf6 12. 0-0 d4 13. c3 d3 14. Qxd3 Qxd3 15. Bxd3 Ne5 16. Be4 Rab8 17. Nd2 Rfd8 18. Nb3 Nc4 19. g3 a5 20. Rfe1 a4 21. Nd4 e5 22. Nf5 Nd2 23. Bg2 Rd3 24. Red1 Rbd8 25. Re1 Rxc3 26. Bxb7 e4 27. Rec1 Rcd3 28. Rc6 Nf3+ 29. Kg2 Ba7 30. Ra6 Ng5 31. Rxa7 R3d7 32. Ra8 Rxa8 33. Bxa8 Rd3 34. h4 Ne6 35. Bxe4 Rb3 36. Bc2 Rc3 37. Bxa4 Nc7 38. Bd7 Kf8 39. b5 Nd5 40. Bc6 Ne7 41. Nxe7 Kxe7 42. a4 Kd8 43. a5 Kc7 44. a6 f5 45. a7 Kd6 46. a8Q Rxc6 47. Qxc6+ Ke7 48. Ra7+ Kf8 49. Qd7 1-0

[Event "Bad Soden U14 op"]
[Site "Bad Soden"]
[Date "2019.10.05"]
[Round "5"]
[White "Papadopoulos, Leon"]
[Black "Fischer, Juliane"]
[Result "1-0"]
[WhiteElo "1388"]
[BlackElo "1405"]
[PlyCount "59"]
[EventDate "2019.10.03"]
[EventType "swiss"]
[EventRounds "9"]
[EventCountry "GER"]
[SourceTitle "CBM 192 Extra"]
[Source "Chessbase"]
[SourceDate "2019.11.06"]
[SourceVersion "1"]
[SourceVersionDate "2019.11.06"]
[SourceQuality "1"]

1. e4 e5 2. Nf3 Nc6 3. Bc4 Bc5 4. 0-0 Nf6 5. d4 exd4 6. e5 d5 7. exf6 dxc4 8. Re1+ Be6 9. Ng5 Qxf6 10. Nxe6 fxe6 11. Qh5+ Kd7 12. Qxc5 Rhf8 13. f3 Rad8 14. Bg5 Qg6 15. Bxd8 Nxd8 16. Qxf8 Qxc2 17. Qxg7+ Kc8 18. Qxd4 Nc6 19. Qc3 Qa4 20. Na3 b5 21. Rad1 Na5 22. Qh8+ Kb7 23. Qxh7 b4 24. Nc2 Qxa2 25. Rd7 Qxb2 26. Rxc7+ Kb6 27. Rxe6+ Kb5 28. Qd7+ Nc6 29. Qxc6+ Ka5 30. Qa6# 1-0

[Event "Bad Soden U14 op"]
[Site "Bad Soden"]
[Date "2019.10.04"]
[Round "4"]
[White "Sadri, Adrian"]
[Black "Papadopoulos, Leon"]
[Result "0-1"]
[WhiteElo "1243"]
[BlackElo "1388"]
[PlyCount "108"]
[EventDate "2019.10.03"]
[EventType "swiss"]
[EventRounds "9"]
[EventCountry "GER"]
[SourceTitle "CBM 192 Extra"]
[Source "Chessbase"]
[SourceDate "2019.11.06"]
[SourceVersion "1"]
[SourceVersionDate "2019.11.06"]
[SourceQuality "1"]

1. e4 e5 2. Nf3 Nc6 3. Bc4 Bc5 4. c3 Nf6 5. d4 exd4 6. cxd4 Bb4+ 7. Bd2 Nxe4 8. Bxb4 Nxb4 9. Qa4 Nc6 10. Bd5 Nf6 11. Bxf7+ Kxf7 12. Qb3+ d5 13. Ng5+ Ke8 14. Qe3+ Qe7 15. Qxe7+ Kxe7 16. 0-0 Nxd4 17. Re1+ Kf8 18. Rd1 Nc2 19. Rd2 Nxa1 20. Na3 Bf5 21. Nf3 Re8 22. h3 Kf7 23. Nd4 Bg6 24. Rd1 Nc2 25. Naxc2 Bxc2 26. Nxc2 Re2 27. Nb4 Rxb2 28. Nxd5 Nxd5 29. Rxd5 Ke6 30. Ra5 a6 31. Ra3 Rd8 32. Re3+ Kd7 33. Rd3+ Kc8 34. Rxd8+ Kxd8 35. a4 Ke7 36. Kh2 Rxf2 37. Kg3 Rf6 38. Kg4 Ke6 39. Kg5 Ke5 40. h4 h5 41. a5 Rf5+ 42. Kg6 Rf4 43. g4 Rxg4+ 44. Kh7 c5 45. Kg8 c4 46. Kf7 c3 47. Kg8 c2 48. Kh7 c1Q 49. Kg8 Qc8+ 50. Kh7 g5 51. hxg5 Rxg5 52. Kh6 Kf6 53. Kh7 Qg8+ 54. Kh6 Qg6# 0-1

[Event "Bad Soden U14 op"]
[Site "Bad Soden"]
[Date "2019.10.03"]
[Round "1"]
[White "Papadopoulos, Leon"]
[Black "Poepplow, Peer"]
[Result "1-0"]
[WhiteElo "1388"]
[BlackElo "816"]
[PlyCount "111"]
[EventDate "2019.10.03"]
[EventType "swiss"]
[EventRounds "9"]
[EventCountry "GER"]
[SourceTitle "CBM 192 Extra"]
[Source "Chessbase"]
[SourceDate "2019.11.06"]
[SourceVersion "1"]
[SourceVersionDate "2019.11.06"]
[SourceQuality "1"]

1. e4 e5 2. Nf3 Nc6 3. d4 Nf6 4. Nc3 Bb4 5. a3 Bxc3+ 6. bxc3 Nxe4 7. dxe5 d6 8. Qd3 Nxf2 9. Kxf2 0-0 10. Qe4 Re8 11. Bd3 g6 12. h4 Bf5 13. Qf4 Bxd3 14. cxd3 dxe5 15. Qg3 Qxd3 16. h5 Ne7 17. Nxe5 Qxg3+ 18. Kxg3 Nf5+ 19. Kf4 Ng7 20. Nf3 gxh5 21. Ng5 h6 22. Nf3 Rad8 23. Kg3 Nf5+ 24. Kf2 Rd3 25. Rxh5 Ng7 26. Rc5 b6 27. Rxc7 a5 28. Bxh6 Rf8 29. Bxg7 Kxg7 30. Rc6 Rb8 31. Rb1 b5 32. Rc5 a4 33. Ra1 f6 34. Ke2 Rd6 35. Nd4 Kg6 36. Rxb5 Rxb5 37. Nxb5 Re6+ 38. Kd3 f5 39. Kd4 Re4+ 40. Kd5 Kf6 41. Kc5 Re5+ 42. Kb4 Re2 43. Kxa4 Rxg2 44. Kb4 Rb2+ 45. Kc4 Ke5 46. Re1+ Kf4 47. Nd4 Ra2 48. Kb3 Rd2 49. a4 Kg4 50. a5 f4 51. a6 f3 52. a7 f2 53. Rf1 Kg3 54. a8Q Kf4 55. Qf8+ Ke3 56. Qf3# 1-0

[Event "Rhein Main op-B 22nd"]
[Site "Bad Homburg"]
[Date "2019.06.22"]
[Round "5"]
[White "Fernandez Egea, Andres"]
[Black "Papadopoulos, Leon"]
[Result "1-0"]
[WhiteElo "1853"]
[BlackElo "1310"]
[PlyCount "69"]
[EventDate "2019.06.19"]
[EventType "swiss"]
[EventRounds "7"]
[EventCountry "GER"]
[SourceTitle "EXT 2020"]
[Source "ChessBase"]
[SourceDate "2019.10.17"]
[SourceVersion "1"]
[SourceVersionDate "2019.10.17"]
[SourceQuality "1"]

1. e4 e5 2. Nf3 Nc6 3. Bb5 a6 4. Ba4 Nf6 5. Qe2 d6 6. c3 Be7 7. h3 0-0 8. d3 Be6 9. Nbd2 b5 10. Bc2 a5 11. 0-0 b4 12. Ng5 Qd7 13. f4 d5 14. f5 Bxf5 15. exf5 d4 16. Ba4 bxc3 17. Nc4 Nd5 18. Nxe5 cxb2 19. Bxb2 Qd6 20. Bxc6 Bxg5 21. Bxa8 Rxa8 22. Nc4 Qg3 23. Rf3 Nf4 24. Rxg3 Nxe2+ 25. Kf2 Nxg3 26. Kxg3 c5 27. Re1 g6 28. Re5 gxf5 29. Rxc5 Kg7 30. Rxa5 Rxa5 31. Bxd4+ Bf6 32. Bxf6+ Kxf6 33. Nxa5 Ke5 34. Nb3 f4+ 35. Kf3 1-0

[Event "Heusenstamm Sparkassen op-B 5th"]
[Site "Heusenstamm"]
[Date "2018.11.23"]
[Round "2"]
[White "Weyerer, Noah"]
[Black "Papadopoulos, Leon"]
[Result "1-0"]
[WhiteElo "1318"]
[BlackElo "1329"]
[PlyCount "117"]
[EventDate "2018.11.22"]
[EventType "swiss"]
[EventRounds "7"]
[EventCountry "GER"]
[SourceTitle "CBM 187 Extra"]
[Source "ChessBase"]
[SourceDate "2018.11.04"]
[SourceVersion "1"]
[SourceVersionDate "2018.11.04"]
[SourceQuality "1"]

1. d4 d5 2. Bf4 Nf6 3. e3 e6 4. Nf3 Be7 5. Nbd2 0-0 6. Bd3 Re8 7. Ne5 Nbd7 8. Ndf3 Ne4 9. Nxd7 Qxd7 10. Ne5 Qd8 11. Bxe4 dxe4 12. f3 exf3 13. Nxf3 Bd6 14. Bxd6 cxd6 15. 0-0 Qe7 16. e4 e5 17. dxe5 dxe5 18. Qe2 Bg4 19. h3 Bh5 20. g4 Bg6 21. c3 Qf6 22. Rae1 Qf4 23. Nd2 Qg3+ 24. Qg2 Qxg2+ 25. Kxg2 Rad8 26. Nf3 Rd3 27. Rf2 h5 28. g5 Re6 29. Nh4 Rdd6 30. Ree2 a5 31. Nxg6 Rxg6 32. h4 Rge6 33. Rd2 Rxd2 34. Rxd2 b5 35. Rd5 f6 36. g6 Re8 37. Rxb5 a4 38. Ra5 Rb8 39. Kf3 Kf8 40. Rxa4 Rxb2 41. c4 Rh2 42. Kg3 Rc2 43. Ra8+ Ke7 44. Rg8 Rxc4 45. Rxg7+ Kf8 46. Rf7+ Kg8 47. Rxf6 Rc3+ 48. Rf3 Rc2 49. Rf5 Rxa2 50. Rxe5 Ra3+ 51. Kf4 Kg7 52. Kg5 Rg3+ 53. Kxh5 Rxg6 54. Rg5 Kh7 55. Rxg6 Kh8 56. Ra6 Kg8 57. Kg6 Kf8 58. Re6 Kg8 59. Re8# 1-0

[Event "Heusenstamm Sparkassen op-B 5th"]
[Site "Heusenstamm"]
[Date "2018.11.22"]
[Round "1"]
[White "Papadopoulos, Leon"]
[Black "Firinci, Erdem"]
[Result "0-1"]
[WhiteElo "1329"]
[BlackElo "1645"]
[PlyCount "52"]
[EventDate "2018.11.22"]
[EventType "swiss"]
[EventRounds "7"]
[EventCountry "GER"]
[SourceTitle "CBM 187 Extra"]
[Source "ChessBase"]
[SourceDate "2018.11.04"]
[SourceVersion "1"]
[SourceVersionDate "2018.11.04"]
[SourceQuality "1"]

1. e4 c5 2. d4 cxd4 3. Qxd4 Nc6 4. Qd3 e5 5. Nf3 Nf6 6. Be2 Be7 7. Nc3 0-0 8. 0-0 d6 9. Nd5 Be6 10. Nxe7+ Qxe7 11. Bg5 Rad8 12. Nh4 Nd4 13. Rfe1 Rc8 14. Nf5 Bxf5 15. exf5 Nxc2 16. Rec1 Nxa1 17. Rxc8 Rxc8 18. Qd1 Nc2 19. Bd3 Nd4 20. Be4 h6 21. Bxb7 Qxb7 22. Bxf6 gxf6 23. h3 Qe4 24. Qh5 Rc1+ 25. Kh2 Qf4+ 26. g3 Qxf2# 0-1

[Event "Rhein Main op-B 21st"]
[Site "Bad Homburg"]
[Date "2018.06.02"]
[Round "6"]
[White "Schaack, Frank"]
[Black "Papadopoulos, Leon"]
[Result "1/2-1/2"]
[WhiteElo "877"]
[BlackElo "1343"]
[PlyCount "62"]
[EventDate "2018.05.30"]
[EventType "swiss"]
[EventRounds "7"]
[EventCountry "GER"]
[SourceTitle "EXT 2019"]
[Source "ChessBase"]
[SourceDate "2018.10.10"]
[SourceVersion "1"]
[SourceVersionDate "2018.10.10"]
[SourceQuality "1"]

1. e4 e5 2. Nf3 Nc6 3. Bb5 a6 4. Bxc6 bxc6 5. Nxe5 Nf6 6. Nc3 Bb4 7. a3 Bxc3 8. bxc3 Nxe4 9. 0-0 0-0 10. Bb2 Re8 11. c4 Rb8 12. Rb1 d5 13. Qh5 Be6 14. Nxc6 Qd6 15. Nxb8 Nxd2 16. Qg5 d4 17. Qxd2 Rxb8 18. Bxd4 Rxb1 19. Rxb1 h6 20. Rb8+ Kh7 21. Qc3 c5 22. Qd3+ f5 23. Rb7 cxd4 24. g4 Kg6 25. h4 Kf6 26. g5+ hxg5 27. hxg5+ Kxg5 28. Qg3+ Qxg3+ 29. fxg3 Kf6 30. c5 Ke5 31. c6 Kd5 1/2-1/2

[Event "Heusenstamm Sparkassen op-B 4th"]
[Site "Heusenstamm"]
[Date "2017.11.26"]
[Round "6"]
[White "Papadopoulos, Leon"]
[Black "Graef, Roman Konrad"]
[Result "1-0"]
[WhiteElo "1085"]
[BlackElo "1191"]
[PlyCount "57"]
[EventDate "2017.11.23"]
[EventType "swiss"]
[EventRounds "7"]
[EventCountry "GER"]
[SourceTitle "EXT 2019"]
[Source "ChessBase"]
[SourceDate "2018.10.10"]
[SourceVersion "1"]
[SourceVersionDate "2018.10.10"]
[SourceQuality "1"]

1. e4 e6 2. d4 d6 3. Nc3 g6 4. Nf3 Bg7 5. Be3 b6 6. Bd3 Bb7 7. 0-0 h6 8. Qd2 a6 9. Rfe1 Nd7 10. d5 e5 11. Rad1 Bf6 12. Ne2 Nc5 13. Bxc5 dxc5 14. d6 cxd6 15. Bc4 b5 16. Bd5 Bxd5 17. Qxd5 Bg5 18. Qc6+ Kf8 19. Rxd6 Qa5 20. Qxa8+ Kg7 21. Rxa6 Qxe1+ 22. Nxe1 Bd2 23. Qb7 h5 24. Nf3 Bf4 25. Ra7 Nh6 26. Nh4 g5 27. Nf5+ Nxf5 28. Qxf7+ Kh6 29. Qf6# 1-0

[Event "Heusenstamm Sparkassen op-B 4th"]
[Site "Heusenstamm"]
[Date "2017.11.25"]
[Round "4"]
[White "Papadopoulos, Leon"]
[Black "Landvoigt, Martin"]
[Result "0-1"]
[WhiteElo "1085"]
[BlackElo "1310"]
[PlyCount "104"]
[EventDate "2017.11.23"]
[EventType "swiss"]
[EventRounds "7"]
[EventCountry "GER"]
[SourceTitle "EXT 2019"]
[Source "ChessBase"]
[SourceDate "2018.10.10"]
[SourceVersion "1"]
[SourceVersionDate "2018.10.10"]
[SourceQuality "1"]

1. e4 c5 2. Nf3 Nc6 3. d3 e6 4. Be3 Nf6 5. Nc3 a6 6. Qd2 d6 7. Be2 Be7 8. 0-0-0 b5 9. d4 c4 10. d5 Nb4 11. dxe6 Bxe6 12. Nd5 Nbxd5 13. exd5 Nxd5 14. Ng5 Nxe3 15. Nxe6 fxe6 16. Qxe3 Bg5 17. f4 Be7 18. Bf3 Rc8 19. Rhe1 e5 20. fxe5 Bg5 21. exd6+ Bxe3+ 22. Rxe3+ Kf8 23. Rf1 Qf6 24. Be2 Qxf1+ 25. Bxf1 Rd8 26. Rf3+ Ke8 27. Rf4 Rf8 28. g3 Rxf4 29. gxf4 Rxd6 30. b3 cxb3 31. cxb3 Rf6 32. a4 bxa4 33. bxa4 Rxf4 34. Bxa6 Kd8 35. Bd3 h6 36. a5 Kc7 37. Kd2 Ra4 38. a6 Kb6 39. h3 Rh4 40. Bf1 Rf4 41. Ke1 g5 42. Be2 Rh4 43. Bg4 h5 44. Bc8 Rc4 45. Bb7 Rc3 46. Kf2 Rxh3 47. Bc8 Ra3 48. Bb7 g4 49. Kg2 h4 50. Kf2 h3 51. Kf1 g3 52. Kg1 Ra1# 0-1

[Event "Rhein Main op-B 20th"]
[Site "Bad Homburg"]
[Date "2017.06.16"]
[Round "4"]
[White "Papadopoulos, Leon"]
[Black "Hauger, Albrecht"]
[Result "1/2-1/2"]
[WhiteElo "989"]
[BlackElo "1442"]
[PlyCount "44"]
[EventDate "2017.06.14"]
[EventType "swiss"]
[EventRounds "7"]
[EventCountry "GER"]
[SourceTitle "EXT 2018"]
[Source "ChessBase"]
[SourceDate "2017.10.13"]
[SourceVersion "1"]
[SourceVersionDate "2017.10.13"]
[SourceQuality "1"]

1. e4 c5 2. Nf3 d6 3. d4 cxd4 4. Nxd4 Nc6 5. Bb5 Bd7 6. Nc3 e6 7. 0-0 Nf6 8. Re1 a6 9. Ba4 Nxd4 10. Bxd7+ Qxd7 11. Qxd4 Be7 12. Bg5 e5 13. Qe3 Ng4 14. Qd2 Bxg5 15. Qxg5 f6 16. Qd2 0-0 17. Rad1 Rad8 18. Nd5 f5 19. Qe2 fxe4 20. Rf1 Nf6 21. Qc4 Nxd5 22. Rxd5 Qf7 1/2-1/2

[Event "Rhein Main op-B 20th"]
[Site "Bad Homburg"]
[Date "2017.06.14"]
[Round "1"]
[White "Papadopoulos, Leon"]
[Black "Bahr, Arne"]
[Result "0-1"]
[WhiteElo "989"]
[BlackElo "1654"]
[PlyCount "100"]
[EventDate "2017.06.14"]
[EventType "swiss"]
[EventRounds "7"]
[EventCountry "GER"]
[SourceTitle "EXT 2018"]
[Source "ChessBase"]
[SourceDate "2017.10.13"]
[SourceVersion "1"]
[SourceVersionDate "2017.10.13"]
[SourceQuality "1"]

1. e4 g6 2. Nf3 Bg7 3. Bc4 c6 4. d3 d5 5. exd5 cxd5 6. Bb3 Nc6 7. d4 Bg4 8. Be3 e6 9. Nbd2 Nge7 10. h3 Bxf3 11. Nxf3 Nf5 12. 0-0 Nxe3 13. fxe3 0-0 14. h4 Qd6 15. Ng5 Qg3 16. Rf4 Qxe3+ 17. Rf2 Bxd4 18. Nh3 Qg3 19. h5 Bxf2+ 20. Nxf2 Qg5 21. g4 gxh5 22. Kf1 hxg4 23. Nxg4 Qf4+ 24. Kg2 f5 25. Nf2 Rf6 26. Kf1 Rh6 27. Ke2 Nd4+ 28. Kd3 Qxf2 29. Qg1+ Qxg1 30. Rxg1+ Rg6 31. Rxg6+ hxg6 32. Kxd4 Kf7 33. c4 dxc4 34. Bxc4 Re8 35. Ke5 g5 36. Bb5 Re7 37. Kd4 Kf6 38. Ke3 Ke5 39. Kf2 Kf4 40. Kg2 e5 41. Be2 Rc7 42. Bd1 Rc1 43. Bb3 Rb1 44. Bd5 Rxb2+ 45. Kf1 e4 46. Ke1 Ke3 47. Bb3 f4 48. Kf1 f3 49. Ba4 Rb1+ 50. Bd1 Rxd1# 0-1

[Event "Heusenstamm Sparkassen op U14 3rd"]
[Site "Heusenstamm"]
[Date "2016.11.27"]
[Round "3"]
[White "Papadopoulos, Leon"]
[Black "Schwegler, Jelena"]
[Result "0-1"]
[WhiteElo "892"]
[BlackElo "1048"]
[PlyCount "88"]
[EventDate "2016.11.27"]
[EventType "swiss"]
[EventRounds "5"]
[EventCountry "GER"]
[SourceTitle "EXT 2018"]
[Source "ChessBase"]
[SourceDate "2017.10.13"]
[SourceVersion "1"]
[SourceVersionDate "2017.10.13"]
[SourceQuality "1"]

1. e4 c5 2. Nf3 e6 3. d4 d5 4. Nc3 dxe4 5. Nxe4 f5 6. Nxc5 Bxc5 7. dxc5 Qa5+ 8. Bd2 Qxc5 9. Bd3 Nf6 10. 0-0 0-0 11. Ng5 Ng4 12. Qe1 Qe5 13. Qxe5 Nxe5 14. Bf4 Nxd3 15. cxd3 Nc6 16. Rfe1 Re8 17. Rad1 h6 18. Nf3 g5 19. Bd6 Bd7 20. Ne5 Nxe5 21. Rxe5 Rac8 22. h3 Rc2 23. Rb1 Rec8 24. Ree1 Kf7 25. d4 Kg6 26. g3 Kh5 27. g4+ fxg4 28. hxg4+ Kxg4 29. Re4+ Kf3 30. Rf4+ gxf4 31. Kh2 Rxf2+ 32. Kh3 Ke4 33. Be5 Rcc2 34. Rg1 h5 35. Kh4 Rh2+ 36. Kg5 Rcg2+ 37. Rxg2 Rxg2+ 38. Kf6 f3 39. d5 exd5 40. b4 f2 41. a4 f1Q+ 42. Ke7 Kxe5 43. Kxd7 Qf7+ 44. Kd8 Rg8# 0-1